000 00713nam a2200253Ia 4500
003 OSt
005 20221005030806.0
006 a|||||r|||| 00| 0
007 ta
008 221004b |||||||| |||| 00| 0 eng d
020 _a0521003377 (pbk)
_c990.10
024 _a86494
037 _b10072, 13/11/2007, Overseas Press
_cTextual
040 _aCRL
_cCRL
_beng
041 _2eng
_aeng
082 _aQ6, P1
100 _aGrant Edward
_948488
245 0 _aGod and reason in the middle ages
260 _aCambridge
_bCUP UK
_c2001
300 _aix,397p.
_ccm.
650 _aRELIGION
942 _hQ6, P1
_cTEXL
_2cc
999 _c936753
_d936753